000 01422cam a2200373 a 4500
999 _c11195
_d11195
001 14043302
003 OSt
005 20191227141939.0
008 050113s2004 enka b 001 0 eng d
010 _a 2005434231
015 _aGBA449323
_2bnb
016 7 _a012946704
_2Uk
020 _a1843311488
035 _a(OCoLC)ocm56646531
040 _aPUL
_coclc
_dUKM
_dOCL
_dDLC
042 _apcc
050 0 0 _aHB171.5
_b.G86 2004
082 0 4 _a330
_222
_bFUL/G
100 _9849
_aFullbrook, Edward
245 0 2 _aA Guide to What's Wrong with Economics /
_c Edward Fullbrook
246 3 0 _aWhat's wrong with economics
260 _aLondon :
_bAnthem,
_c2004.
300 _a323 p
_c24 cm.
440 0 _aAnthem studies in political economy and globalization
504 _aIncludes bibliographical references (p. [310]-320) and index.
650 0 _aEconomics.
700 1 _aFullbrook, Edward.
856 4 2 _3Contributor biographical information
_uhttp://www.loc.gov/catdir/enhancements/fy0834/2005434231-b.html
856 4 2 _3Publisher description
_uhttp://www.loc.gov/catdir/enhancements/fy0834/2005434231-d.html
856 4 1 _3Table of contents only
_uhttp://www.loc.gov/catdir/enhancements/fy0838/2005434231-t.html
906 _a7
_bcbc
_ccopycat
_d2
_encip
_f20
_gy-gencatlg
942 _2ddc
_cBK
_h330
_iFUL/G
_k330
_mFUL/G